2024 F1 Drivers' Full Names - Statistics

General Stats
  • This quiz has been taken 111 times
    67 since last reset
  • The average score is 45 of 80
Answer Stats
Shortened Name Position Full Name % Correct
Pierre Gasly First Pierre
96%
Max Verstappen First Max
94%
Surname Verstappen
90%
Middle Carl
88%
Sergio Pérez First Sergio
88%
Charles Leclerc First Charles
84%
George Russell First George
82%
Surname Pérez
82%
Carlos Sainz First Carlos
80%
Surname Leclerc
80%
Nickname Checo
76%
Middle Emilian
76%
Surname Hamilton
76%
First Lewis
76%
Surname Russell
76%
Surname Sainz
75%
Lewis Hamilton Knighthood Sir
75%
Lando Norris First Lando
73%
Oscar Piastri First Oscar
73%
Lance Stroll First Lance
71%
Surname Norris
71%
Surname Piastri
71%
Fernando Alonso First Fernando
69%
Logan Sargeant First Logan
69%
Alex Albon First Alexander
67%
Surname Alonso
67%
Esteban Ocon First Esteban
67%
Surname Gasly
67%
Middle Hervé
67%
Middle Marc
67%
Middle Perceval
67%
Surname Sargeant
67%
Yuki Tsunoda First Yuki
67%
Surname Albon
65%
Daniel Ricciardo First Daniel
65%
Middle Jack
65%
Jack Doohan First Jack
65%
Oliver Bearman First Oliver
65%
Surname Tsunoda
65%
Zhou Guanyu Family Zhou
65%
Surname Bearman
63%
Surname Colapinto
63%
Franco Colapinto First Franco
63%
Kevin Magnussen First Kevin
63%
Surname Ricciardo
63%
Surname Bottas
61%
Surname Doohan
61%
Given Guanyu
61%
Surname Magnussen
61%
Surname Hülkenberg
59%
Valtteri Bottas First Valtteri
59%
Nico Hülkenberg First Nicolas
57%
Family de Castro
55%
Middle William
51%
Middle Jean-Pierre
49%
Middle Davidson
45%
Family Rincón
41%
Family Vázquez
41%
Family Díaz
39%
Middle Hunter
33%
Family Cenamor
31%
Family Rebollo
31%
Suffix Jr
29%
Family de Aranda
27%
Middle Jean-Jacques
27%
Surname Strulovitch
27%
Middle James
25%
Family Mendoza
25%
Middle Michel
25%
Family Moreno
25%
Middle Jan
24%
Middle José
24%
Family Deltún
22%
Middle Joseph
22%
Middle Alejandro
18%
Family Tiapera
18%
Family Ansusinha
16%
Middle Viktor
16%
Family de Anteriuga
10%
Surname Ocon-Khelfane
8%
No matching quizzes found
Score Distribution
Percent of People with Each Score
Percentile by Number Answered
Your Score History
You have not taken this quiz since the last reset